000 00235nam a22000857a 4500
008 160713b xxu||||| |||| 00| 0 eng d
100 _92814
_aMahajan H C
245 _aModern Essays on all debatable issues
260 _aNew Delhi
_bS.Chand
_c2012
999 _c2408
_d2408